[Event "SVM_Verbandsliga_Süd_2023-24"]
[Site "?"]
[Date "2023.12.10"]
[Round "4.6"]
[White "Schwarzhoff, Heinz-Jürgen"]
[Black "Weber, Meikel"]
[Result "1/2-1/2"]
[WhiteElo "1480"]
[BlackElo "1871"]
[PlyCount "44"]
[EventDate "2023.12.10"]
[WhiteTeam "TuS Strempt 1"]
[BlackTeam "VdSF Stadtverw. Bonn 2"]

1. d4 d5 2. Nf3 c6 3. e3 Bf5 4. c4 e6 5. Nc3 Bd6 6. cxd5 exd5 7. Bd3 Bxd3 8.
Qxd3 Nd7 9. Bd2 Ngf6 10. O-O O-O 11. Rfe1 Re8 12. e4 dxe4 13. Nxe4 Nxe4 14.
Rxe4 Rxe4 15. Qxe4 Qe7 16. Qxe7 Bxe7 17. Re1 Bf6 18. Kf1 Rd8 19. Bb4 h6 20. Be7
Bxe7 21. Rxe7 Kf8 22. Re2 Nb6 1/2-1/2

[Event "SVM_Verbandsliga_Süd_2023-24"]
[Site "?"]
[Date "2023.12.10"]
[Round "4.7"]
[White "Moos, Gerd Anton Ferdinand"]
[Black "Karbig, Willi"]
[Result "1-0"]
[WhiteElo "1854"]
[BlackElo "1455"]
[PlyCount "73"]
[EventDate "2023.12.10"]
[WhiteTeam "VdSF Stadtverw. Bonn 2"]
[BlackTeam "TuS Strempt 1"]

1. d4 Nf6 2. c4 d6 3. Nf3 g6 4. Nc3 Bg7 5. e4 Bg4 6. Be2 c6 7. O-O O-O 8. Be3
Nbd7 9. h3 Bxf3 10. Bxf3 e5 11. d5 cxd5 12. Nxd5 Nxd5 13. Qxd5 Qc7 14. Rac1 Nf6
15. Qd3 b6 16. Rfd1 Rfd8 17. b3 h5 18. Bg5 Qe7 19. Rc3 Qf8 20. Qd2 Rd7 21. Rd3
Nh7 22. Be3 Rad8 23. g4 hxg4 24. hxg4 f6 25. Bg2 Qe7 26. b4 Qe6 27. c5 bxc5 28.
bxc5 d5 29. Rxd5 Rxd5 30. exd5 Qxg4 31. d6 Nf8 32. c6 Kh7 33. c7 Rc8 34. d7
Nxd7 35. Qxd7 Qxd7 36. Rxd7 f5 37. Bb7 1-0

[Event "SVM_Verbandsliga_Süd_2023-24"]
[Site "?"]
[Date "2023.12.10"]
[Round "4.8"]
[White "May, Anian"]
[Black "Antonioli, Vladimir"]
[Result "0-1"]
[WhiteElo "798"]
[BlackElo "1773"]
[PlyCount "54"]
[EventDate "2023.12.10"]
[WhiteTeam "TuS Strempt 1"]
[BlackTeam "VdSF Stadtverw. Bonn 2"]

1. e4 d5 2. exd5 Qxd5 3. Nc3 Qa5 4. Nf3 c6 5. d4 Bf5 6. Bd2 Qc7 7. g3 e6 8. Bg2
Nf6 9. O-O Bd6 10. Ng5 Bb4 11. a3 Bxc3 12. Bxc3 h6 13. Nf3 Nbd7 14. Qd2 Nd5 15.
Rae1 O-O 16. Ne5 Nxe5 17. dxe5 Nxc3 18. Qxc3 Rad8 19. Re2 Rd7 20. Qe3 b6 21. c3
Bd3 22. Rc1 Bxe2 23. Qxe2 Rfd8 24. b4 Rd2 25. Qf3 c5 26. Ra1 Qxe5 27. Re1 Qxe1+
0-1

[Event "SVM_Verbandsliga_Süd_2023-24"]
[Site "?"]
[Date "2023.12.10"]
[Round "4.1"]
[White "Bachem, Oliver"]
[Black "Niesel, Tobias"]
[Result "0-1"]
[WhiteElo "2101"]
[BlackElo "1967"]
[PlyCount "72"]
[EventDate "2023.12.10"]
[WhiteTeam "TTC GW Fritzdorf 1"]
[BlackTeam "SG Porz 5"]

1. e4 Nf6 2. e5 Nd5 3. g3 d6 4. exd6 exd6 5. Bg2 Nb6 6. Nf3 Be7 7. O-O O-O 8.
Nc3 Nc6 9. d3 Bg4 10. h3 Bh5 11. g4 Bg6 12. Bf4 f5 13. g5 Bh5 14. Qd2 Qd7 15.
a4 a5 16. d4 d5 17. Ne5 Nxe5 18. Bxe5 c6 19. b3 f4 20. Bxf4 Qf5 21. Bc7 Nc8 22.
f4 Bb4 23. Rae1 Nd6 24. Re5 Qd7 25. Bb6 Rae8 26. Bc5 Rxe5 27. fxe5 Rxf1+ 28.
Bxf1 Ne4 29. Qf4 Nxc5 30. dxc5 Bxc3 31. Qe3 Bb4 32. c3 Ba3 33. b4 axb4 34. cxb4
Bxb4 35. Qd4 Ba5 36. Bd3 Qxh3 0-1

[Event "SVM_Verbandsliga_Süd_2023-24"]
[Site "?"]
[Date "2023.12.10"]
[Round "4.3"]
[White "Schade, Frederik"]
[Black "Blomer, Moritz"]
[Result "1-0"]
[WhiteElo "1767"]
[BlackElo "1794"]
[PlyCount "119"]
[EventDate "2023.12.10"]
[WhiteTeam "TTC GW Fritzdorf 1"]
[BlackTeam "SG Porz 5"]

1. d4 d5 2. c4 e6 3. Nc3 Be7 4. Nf3 Nf6 5. Bg5 O-O 6. e3 b6 7. cxd5 exd5 8. Be2
Bb7 9. O-O Ne4 10. Bxe7 Qxe7 11. Rc1 Nd7 12. Qc2 Rac8 13. Qa4 a6 14. b4 b5 15.
Qb3 Nxc3 16. Rxc3 Nb6 17. Rc5 Na4 18. Rc2 Nb6 19. Ne5 Nc4 20. Nd3 Ra8 21. Nc5
Bc8 22. a4 Bd7 23. a5 Bf5 24. Bd3 Bxd3 25. Qxd3 Rfe8 26. Qf5 g6 27. Qxd5 Qd6
28. Qf3 f5 29. g3 c6 30. Re2 Qd5 31. Qf4 Nd6 32. Nd7 Qe6 33. Ne5 Ne4 34. Rc1 c5
35. bxc5 Rac8 36. Rec2 b4 37. Nc4 Red8 38. Rb1 Rb8 39. Qe5 Qd7 40. Nb6 Qb5 41.
Qe6+ Kg7 42. Qc4 Qxc4 43. Nxc4 b3 44. Rcb2 Nc3 45. Ra1 Rb4 46. Nd2 Rdb8 47. Ra3
Ne2+ 48. Kg2 Nc1 49. c6 Kf6 50. c7 Rc8 51. Nxb3 Rxc7 52. Rb1 Nd3 53. Nd2 Rxb1
54. Nxb1 Ne1+ 55. Kf1 Rc1 56. Rb3 Ke6 57. Ke2 Kd5 58. Kd2 Rc2+ 59. Kxe1 Kc4 60.
Rc3+ 1-0

[Event "SVM_Verbandsliga_Süd_2023-24"]
[Site "?"]
[Date "2023.12.10"]
[Round "4.4"]
[White "Marcziter, Alex"]
[Black "Roos Nazario, Valentin"]
[Result "1-0"]
[WhiteElo "1893"]
[BlackElo "1622"]
[PlyCount "77"]
[EventDate "2023.12.10"]
[WhiteTeam "SG Porz 5"]
[BlackTeam "TTC GW Fritzdorf 1"]

1. e4 c5 2. Nc3 d6 3. g3 Nf6 4. Bg2 Nc6 5. d3 g6 6. f4 e6 7. Nf3 Bg7 8. O-O O-O
9. h3 h5 10. Be3 Ne7 11. Qd2 Qc7 12. d4 cxd4 13. Nxd4 d5 14. Ndb5 Qd8 15. e5
Ne8 16. Nxa7 Nc7 17. Nab5 Nxb5 18. Nxb5 Nf5 19. Bc5 Re8 20. Qf2 Bd7 21. Bb6
Bxb5 22. Bxd8 Bxf1 23. Bf6 Bxg2 24. Kxg2 Bxf6 25. exf6 Nd6 26. g4 Ne4 27. Qh4
Kf8 28. gxh5 gxh5 29. c4 Red8 30. cxd5 Rxd5 31. Re1 Nd6 32. Re5 Rd2+ 33. Kf3
Ke8 34. Qxh5 Rc8 35. Rxe6+ Kd7 36. Re7+ Kc6 37. Qe5 Rd5 38. Qc3+ Rc5 39. Qb3
1-0

[Event "SVM_Verbandsliga_Süd_2023-24"]
[Site "?"]
[Date "2023.12.10"]
[Round "4.5"]
[White "Schade, Ulrich"]
[Black "Swoboda, Sascha"]
[Result "0-1"]
[WhiteElo "1686"]
[BlackElo "1669"]
[PlyCount "62"]
[EventDate "2023.12.10"]
[WhiteTeam "TTC GW Fritzdorf 1"]
[BlackTeam "SG Porz 5"]

1. d4 Nf6 2. c4 g6 3. Nc3 Bg7 4. e4 d6 5. Nf3 O-O 6. Be2 Nbd7 7. O-O e5 8. d5
a5 9. Ne1 Nc5 10. f3 Ne8 11. Be3 b6 12. a3 f5 13. b4 Nd7 14. Nd3 Rf7 15. c5
axb4 16. axb4 Rxa1 17. Qxa1 bxc5 18. bxc5 dxc5 19. Bxc5 Nxc5 20. Nxc5 fxe4 21.
fxe4 Rxf1+ 22. Qxf1 Qd6 23. Qf2 Nf6 24. h3 Nd7 25. Ne6 c6 26. Ng5 Nf6 27. Bc4
Qb4 28. Qa2 Qxc3 29. d6+ Kf8 30. Ne6+ Bxe6 31. Bxe6 Qc5+ 0-1

[Event "SVM_Verbandsliga_Süd_2023-24"]
[Site "?"]
[Date "2023.12.10"]
[Round "4.6"]
[White "Türkkan, Nuh"]
[Black "Schindler, Kosta"]
[Result "1-0"]
[WhiteElo "1840"]
[BlackElo "1598"]
[PlyCount "107"]
[EventDate "2023.12.10"]
[WhiteTeam "SG Porz 5"]
[BlackTeam "TTC GW Fritzdorf 1"]

1. c4 d5 2. cxd5 Qxd5 3. Nc3 Qd8 4. g3 Nf6 5. Bg2 g6 6. Nf3 Bg7 7. O-O O-O 8.
a4 Nc6 9. a5 a6 10. d3 Be6 11. Ng5 Bd7 12. h3 Qc8 13. Kh2 h6 14. Nf3 Kh7 15.
Be3 Be6 16. Nd2 Rd8 17. Qc1 Nd5 18. Bc5 Nxc3 19. bxc3 Bd5 20. e4 Be6 21. d4 Bd7
22. d5 Nxa5 23. Bxe7 Re8 24. Bb4 Nc4 25. Nxc4 Bb5 26. Na5 Bxf1 27. Qxf1 b6 28.
Nc4 a5 29. Ba3 b5 30. Ne3 Bxc3 31. Rc1 b4 32. Nd1 Be5 33. Bb2 Bxb2 34. Nxb2 a4
35. Qc4 a3 36. Nd3 a2 37. Ra1 Qa6 38. Qxc7 Ra7 39. Nxb4 Rxc7 40. Nxa6 Ra7 41.
Rxa2 Rea8 42. Bf1 Kg7 43. Kg2 Kf6 44. f4 g5 45. e5+ Ke7 46. d6+ Kd8 47. f5 Rc8
48. Rd2 Rc6 49. Nb4 Rb6 50. Nd5 Rb3 51. Bc4 Rbb7 52. e6 fxe6 53. fxe6 Rb8 54.
e7+ 1-0

[Event "SVM_Verbandsliga_Süd_2023-24"]
[Site "?"]
[Date "2023.12.10"]
[Round "4.7"]
[White "Mende, Lukas"]
[Black "Ehtesham Manesh, Abbas"]
[Result "1/2-1/2"]
[WhiteElo "1492"]
[BlackElo "1658"]
[PlyCount "131"]
[EventDate "2023.12.10"]
[WhiteTeam "TTC GW Fritzdorf 1"]
[BlackTeam "SG Porz 5"]

1. e4 e6 2. Nf3 b6 3. d4 Bb7 4. Bd3 c5 5. Be3 cxd4 6. Bxd4 Nf6 7. Nc3 Bb4 8.
O-O Bxc3 9. Bxc3 Nxe4 10. Bxe4 Bxe4 11. Re1 Bb7 12. Bxg7 Rg8 13. Be5 Nc6 14.
Bd6 Qf6 15. Bg3 Qxb2 16. Qd3 Qg7 17. Rad1 Rd8 18. Nh4 Qh6 19. Re4 Ne7 20. Rd4
d5 21. c4 Nc6 22. Rf4 dxc4 23. Qe2 Rxd1+ 24. Qxd1 Na5 25. Qd6 Nc6 26. Qc7 Qg7
27. h3 f5 28. Qd6 Qd7 29. Rxc4 Qxd6 30. Bxd6 Kd7 31. Bg3 Rc8 32. Nf3 Ne7 33.
Ne5+ Ke8 34. Rh4 Ng6 35. Rxh7 Nxe5 36. Rxb7 Rc1+ 37. Kh2 Nc6 38. Rc7 Kd8 39. h4
Rc5 40. Bd6 Rc4 41. Kg3 Rg4+ 42. Kh3 Nd4 43. Rxa7 Nb5 44. Ra8+ Kd7 45. Bg3 Nc3
46. Ra7+ Ke8 47. Ra6 Kf7 48. Rxb6 Nxa2 49. Be5 Nc1 50. Rb7+ Ke8 51. f3 Rg8 52.
Rh7 Nd3 53. Bc3 Nf4+ 54. Kh2 Rxg2+ 55. Kh1 Rg3 56. Be5 Rxf3 57. Rh8+ Kd7 58.
Rh7+ Kc6 59. Bxf4 Rxf4 60. h5 Rg4 61. Rh8 e5 62. h6 e4 63. h7 Kd7 64. Rf8 Rh4+
65. Kg2 Rxh7 66. Rxf5 {(=)} 1/2-1/2

[Event "SVM_Verbandsliga_Süd_2023-24"]
[Site "?"]
[Date "2023.12.10"]
[Round "4.8"]
[White "Krause, Johann"]
[Black "Schmitz, Paul"]
[Result "1-0"]
[WhiteElo "1697"]
[BlackElo "1634"]
[PlyCount "85"]
[EventDate "2023.12.10"]
[WhiteTeam "SG Porz 5"]
[BlackTeam "TTC GW Fritzdorf 1"]

1. e4 c5 2. Nf3 Nc6 3. g3 e5 4. Bg2 Nf6 5. O-O d6 6. d3 Bg4 7. h3 Bd7 8. Ne1
Qc8 9. Kh2 Nd4 10. f4 h5 11. c3 Nb5 12. f5 a5 13. a4 Na7 14. c4 Nc6 15. Nc3 Nb4
16. Nc2 Bc6 17. Ne3 Qd7 18. Ncd5 Bxd5 19. cxd5 Be7 20. Nc4 Qc7 21. Bd2 Kd7 22.
Bxb4 cxb4 23. Rc1 Qd8 24. d4 b5 25. axb5 Qb8 26. dxe5 dxe5 27. Qa4 Ke8 28. Rfd1
Nd7 29. b6 Rh6 30. b7 Raa6 31. Nb6 Qxb7 32. Nc4 Bd6 33. Bf1 Ra8 34. Nxd6+ Rxd6
35. Rc6 Ke7 36. Rdc1 Qa7 37. Rxd6 Kxd6 38. Qc6+ Ke7 39. Kg2 Rd8 40. d6+ Ke8 41.
Bb5 Qb8 42. Qd5 Kf8 43. Bc4 1-0

[Event "SVM_Verbandsliga_Süd_2023-24"]
[Site "?"]
[Date "2023.12.10"]
[Round "4.1"]
[White "Zavgorodniy, Sergiy"]
[Black "Kögler, Christof"]
[Result "1-0"]
[WhiteElo "2403"]
[BlackElo "2070"]
[PlyCount "65"]
[EventDate "2023.12.10"]
[WhiteTeam "SC Siegburg 2"]
[BlackTeam "Godesberger SK 3"]

1. e4 c5 2. b3 Nc6 3. Bb2 d6 4. Bb5 Nf6 5. d3 e5 6. Ne2 Be7 7. O-O O-O 8. Bxc6
bxc6 9. Ng3 Ng4 10. Nd2 Bg5 11. Nf3 f5 12. exf5 Bxf5 13. Nxf5 Rxf5 14. h3 Nh6
15. a3 Qe7 16. b4 Raf8 17. Nxg5 Rxg5 18. bxc5 d5 19. Qe2 Re8 20. f4 exf4 21.
Qxe7 Rxe7 22. Rxf4 Rf5 23. Raf1 Rxf4 24. Rxf4 Nf7 25. Rb4 Ng5 26. Rb8+ Kf7 27.
Rc8 Re2 28. Rc7+ Ke8 29. Rxc6 Rxc2 30. Bxg7 Rd2 31. Bf6 Nf7 32. Re6+ Kf8 33. d4
1-0

[Event "SVM_Verbandsliga_Süd_2023-24"]
[Site "?"]
[Date "2023.12.10"]
[Round "4.2"]
[White "Lotzien, Hans"]
[Black "Albrecht, Oliver"]
[Result "1/2-1/2"]
[WhiteElo "2062"]
[BlackElo "2142"]
[PlyCount "110"]
[EventDate "2023.12.10"]
[WhiteTeam "Godesberger SK 3"]
[BlackTeam "SC Siegburg 2"]

1. e4 c6 2. d4 d5 3. e5 Bf5 4. c3 e6 5. Nf3 Qb6 6. Qb3 Nd7 7. Be3 Ne7 8. Nbd2
Bg6 9. Nh4 Nf5 10. Nxg6 hxg6 11. Qxb6 axb6 12. Bd3 b5 13. O-O Be7 14. a3 Nb6
15. Nf3 Nc4 16. Bxf5 gxf5 17. Rab1 Kd7 18. Nd2 g6 19. Nxc4 bxc4 20. f4 Ra5 21.
Rbc1 Rb5 22. Rc2 Ra8 23. g3 Ra6 24. Rff2 c5 25. Rfd2 Rab6 26. dxc5 Bxc5 27. Kf2
Kc6 28. h4 Rb3 29. Bxc5 Kxc5 30. Ke2 Ra6 31. Kd1 Ra8 32. Rd4 Rb6 33. Rh2 Rh8
34. Kc2 Rc6 35. Rd1 Rcc8 36. Rd4 Rcd8 37. Rh1 b5 38. Ra1 Rd7 39. Rh1 Rb8 40.
Rhd1 Rb6 41. R1d2 Kc6 42. Rh2 Rb8 43. Rh1 Kc7 44. Kd2 Kb6 45. Ke3 Kc5 46. Rh2
Rdd8 47. Kf3 Rf8 48. Rdd2 Rbd8 49. Rd4 Rd7 50. Rh1 Rb8 51. Rhd1 Rbb7 52. R1d2
Rb8 53. Rd1 Rdd8 54. R1d2 Rf8 55. Rd1 Rbd8 {(=)} 1/2-1/2

[Event "SVM_Verbandsliga_Süd_2023-24"]
[Site "?"]
[Date "2023.12.10"]
[Round "4.3"]
[White "Kolkin, Michail"]
[Black "Wulfken, Christof"]
[Result "1-0"]
[WhiteElo "2320"]
[BlackElo "1905"]
[PlyCount "71"]
[EventDate "2023.12.10"]
[WhiteTeam "SC Siegburg 2"]
[BlackTeam "Godesberger SK 3"]

1. Nf3 d5 2. g3 Nf6 3. Bg2 c6 4. O-O Bf5 5. d3 Nbd7 6. c4 e6 7. cxd5 cxd5 8.
Nc3 Be7 9. Nh4 Bg6 10. Qb3 Nc5 11. Qb5+ Qd7 12. Be3 a6 13. Qxd7+ Ncxd7 14. Nxg6
hxg6 15. h3 O-O 16. Na4 Rac8 17. Rfc1 b5 18. Nb6 Nxb6 19. Bxb6 Nd7 20. Be3 Bf6
21. Rxc8 Rxc8 22. Rc1 Rxc1+ 23. Bxc1 Ne5 24. Kf1 Nc6 25. e4 Nb4 26. exd5 Nxd3
27. Bd2 exd5 28. b4 Be7 29. a3 d4 30. Bb7 a5 31. bxa5 Bxa3 32. Bc6 Bc5 33. Bxb5
Nb2 34. a6 Nd1 35. Bc4 Kf8 36. Bb4 1-0

[Event "SVM_Verbandsliga_Süd_2023-24"]
[Site "?"]
[Date "2023.12.10"]
[Round "4.4"]
[White "Dörschel, Lorenz"]
[Black "Breest, Axel"]
[Result "1-0"]
[WhiteElo "1899"]
[BlackElo "1894"]
[PlyCount "81"]
[EventDate "2023.12.10"]
[WhiteTeam "Godesberger SK 3"]
[BlackTeam "SC Siegburg 2"]

1. c4 e5 2. Nc3 Nc6 3. g3 Bc5 4. Bg2 a6 5. Ne4 Ba7 6. d3 d6 7. Nf3 f5 8. Bg5
Qd7 9. Nc3 h6 10. Be3 Nd4 11. Bxd4 exd4 12. Nd5 Qf7 13. O-O Nf6 14. Nxf6+ Qxf6
15. Qd2 O-O 16. b4 Bd7 17. a4 c5 18. Rfb1 cxb4 19. Rxb4 Bc6 20. Rab1 Rab8 21.
Ne1 Bxg2 22. Nxg2 Rf7 23. Nf4 Bc5 24. Nd5 Qe5 25. R4b2 g5 26. f4 gxf4 27. Qxf4
Kh7 28. Qf3 Ba3 29. Rb6 Kg7 30. Rxa6 bxa6 31. Rxb8 Bc1 32. Ra8 f4 33. Qg4+ Qg5
34. Qxg5+ hxg5 35. gxf4 gxf4 36. Rxa6 f3 37. exf3 Rxf3 38. Rxd6 Rxd3 39. c5 Ba3
40. Rd7+ Kg6 41. Nf4+ 1-0

[Event "SVM_Verbandsliga_Süd_2023-24"]
[Site "?"]
[Date "2023.12.10"]
[Round "4.5"]
[White "Steffens, Klaus"]
[Black "Otto, Wolfgang"]
[Result "1/2-1/2"]
[WhiteElo "1862"]
[BlackElo "1868"]
[PlyCount "56"]
[EventDate "2023.12.10"]
[WhiteTeam "SC Siegburg 2"]
[BlackTeam "Godesberger SK 3"]

1. Nf3 e6 2. d4 d5 3. Bf4 Bd6 4. e3 c5 5. c3 Qc7 6. Bxd6 Qxd6 7. dxc5 Qxc5 8.
Qd4 Qxd4 9. exd4 Bd7 10. Ne5 f6 11. Nxd7 Nxd7 12. Bb5 a6 13. Bxd7+ Kxd7 14. Nd2
Ne7 15. O-O-O Rhe8 16. Rhe1 Nf5 17. Kb1 Nd6 18. Nb3 b6 19. Nc1 Re7 20. Nd3 Rae8
21. Re2 Nc4 22. b3 Nd6 23. Kb2 Rc8 24. f3 a5 25. a4 Rc6 26. Rc1 Re8 27. g3 g6
28. Nf2 Nf7 1/2-1/2

[Event "SVM_Verbandsliga_Süd_2023-24"]
[Site "?"]
[Date "2023.12.10"]
[Round "4.6"]
[White "Schniggenberg, Gerd"]
[Black "Peukert, Manuel"]
[Result "1-0"]
[WhiteElo "1848"]
[BlackElo "1629"]
[PlyCount "61"]
[EventDate "2023.12.10"]
[WhiteTeam "Godesberger SK 3"]
[BlackTeam "SC Siegburg 2"]

1. e4 c6 2. d4 d6 3. Nc3 Qc7 4. Nf3 e5 5. h3 Nf6 6. a4 b6 7. Bg5 Nbd7 8. Bc4
Be7 9. O-O Bb7 10. Re1 h6 11. Bh4 Rf8 12. Qe2 O-O-O 13. d5 c5 14. a5 bxa5 15.
Bxf6 Nxf6 16. Ra3 Nd7 17. Rea1 Nb6 18. Ba6 Bxa6 19. Qxa6+ Qb7 20. Qd3 c4 21.
Qe3 f5 22. Rxa5 fxe4 23. Rxa7 Nxd5 24. Rxb7 Nxe3 25. Rxe7 Kb8 26. fxe3 exf3 27.
Nd5 fxg2 28. Kxg2 Rc8 29. Raa7 Rc6 30. Reb7+ Kc8 31. Ne7+ 1-0

[Event "SVM_Verbandsliga_Süd_2023-24"]
[Site "?"]
[Date "2023.12.10"]
[Round "4.7"]
[White "Höck, Sebastian"]
[Black "Eisentraut, Dieter"]
[Result "0-1"]
[WhiteElo "1701"]
[BlackElo "1699"]
[PlyCount "46"]
[EventDate "2023.12.10"]
[WhiteTeam "SC Siegburg 2"]
[BlackTeam "Godesberger SK 3"]

1. c4 b6 2. g3 Bb7 3. Nf3 Bxf3 4. exf3 c5 5. Nc3 Nc6 6. Bg2 g6 7. O-O Bg7 8. a3
e6 9. f4 Nge7 10. Rb1 Rc8 11. b3 O-O 12. Bb2 a6 13. Re1 Qc7 14. Ne2 Rfd8 15. d4
d5 16. cxd5 Nxd5 17. Qd3 Qa7 18. dxc5 Nxf4 19. Qc4 Nxg2 20. cxb6 Qb7 21. Bxg7
Nxe1 22. Qc3 Ne5 23. Qxe1 Nf3+ 0-1

[Event "SVM_Verbandsliga_Süd_2023-24"]
[Site "?"]
[Date "2023.12.10"]
[Round "4.8"]
[White "Schulte-Geers, Ernst"]
[Black "Grunewald, Willi"]
[Result "0-1"]
[WhiteElo "1938"]
[BlackElo "1842"]
[PlyCount "88"]
[EventDate "2023.12.10"]
[WhiteTeam "Godesberger SK 3"]
[BlackTeam "SC Siegburg 2"]

1. e4 e6 2. d4 d5 3. Nc3 Nc6 4. Nf3 Nf6 5. e5 Ne4 6. a3 f6 7. Bd3 f5 8. O-O Be7
9. Ne2 O-O 10. c3 Bd7 11. Ne1 Be8 12. f3 Ng5 13. Nf4 Qc8 14. Nc2 Na5 15. Ne3 b5
16. b4 Nc4 17. Bc2 Bd7 18. Nd3 Nf7 19. a4 Nd8 20. Nxc4 bxc4 21. Nf2 Nf7 22. f4
g5 23. fxg5 Nxg5 24. Bxg5 Bxg5 25. Nh3 Be7 26. Nf4 Kh8 27. Rf3 Rg8 28. Rh3 Rg4
29. Rxh7+ Kxh7 30. Qxg4 Qg8 31. Qh5+ Kg7 32. Rf1 Qh7 33. Qxh7+ Kxh7 34. Rf3 Kg7
35. g4 fxg4 36. Rg3 Rg8 37. Ng6 Kf7 38. Rxg4 Ke8 39. Kf2 a5 40. Kf3 axb4 41.
Nxe7 Rxg4 42. Kxg4 b3 43. Bb1 Kxe7 44. Kg5 c5 0-1

[Event "SVM_Verbandsliga_Süd_2023-24"]
[Site "?"]
[Date "2023.12.10"]
[Round "4.1"]
[White "König, Christian"]
[Black "Hank, Holger"]
[Result "1-0"]
[WhiteElo "2042"]
[BlackElo "1928"]
[PlyCount "73"]
[EventDate "2023.12.10"]
[WhiteTeam "SF Lohmar 1"]
[BlackTeam "Brühler SK 2"]

1. e4 e6 2. d4 d5 3. Nc3 h6 4. Nf3 Nf6 5. Bd3 Bb4 6. exd5 exd5 7. O-O O-O 8. h3
Be6 9. Ne2 Qc8 10. Bf4 c6 11. c3 Ba5 12. Ng3 Bc7 13. Ne5 Bxh3 14. gxh3 Qxh3 15.
Bf5 Qh4 16. Be3 Ne4 17. Qg4 Qxg4 18. Bxg4 Nf6 19. Bh3 Re8 20. f4 Nbd7 21. Rae1
Nf8 22. Kf2 a5 23. Rg1 Ng6 24. Nxg6 fxg6 25. Bd2 Kf7 26. Rxe8 Rxe8 27. Re1 Rxe1
28. Kxe1 Ke7 29. Kf2 b6 30. Kf3 Bd6 31. Bf1 Bc7 32. Bd3 Kf7 33. Nf1 Ng8 34. Ne3
h5 35. c4 Ne7 36. cxd5 cxd5 37. Nxd5 1-0

[Event "SVM_Verbandsliga_Süd_2023-24"]
[Site "?"]
[Date "2023.12.10"]
[Round "4.2"]
[White "Schlicht, Markus"]
[Black "Fuchs, Andreas"]
[Result "1/2-1/2"]
[WhiteElo "1922"]
[BlackElo "1982"]
[PlyCount "57"]
[EventDate "2023.12.10"]
[WhiteTeam "Brühler SK 2"]
[BlackTeam "SF Lohmar 1"]

1. d4 Nf6 2. c4 g6 3. Nc3 d5 4. cxd5 Nxd5 5. e4 Nxc3 6. bxc3 Bg7 7. Nf3 c5 8.
Rb1 O-O 9. Qd2 Qc7 10. Be2 Rd8 11. O-O Bg4 12. d5 e6 13. Qg5 Bxf3 14. Bxf3 Bxc3
15. Rxb7 Qxb7 16. Qxd8+ Kg7 17. dxe6 Nc6 18. Qd3 Be5 19. Qe3 Nd4 20. exf7 Qxf7
21. Bg4 Qxa2 22. h4 Rf8 23. Qh6+ Kg8 24. Qg5 Bf6 25. Qxc5 h5 26. e5 hxg4 27.
Qxd4 Bxh4 28. Be3 Qe6 29. Qxa7 {(=)} 1/2-1/2

[Event "SVM_Verbandsliga_Süd_2023-24"]
[Site "?"]
[Date "2023.12.10"]
[Round "4.3"]
[White "Weiler, Wolfgang"]
[Black "Raabe, Joachim"]
[Result "0-1"]
[WhiteElo "1919"]
[BlackElo "1746"]
[PlyCount "134"]
[EventDate "2023.12.10"]
[WhiteTeam "SF Lohmar 1"]
[BlackTeam "Brühler SK 2"]

1. e4 e5 2. Nf3 Nf6 3. a3 Nc6 4. Nc3 d6 5. d4 Bg4 6. Bb5 a6 7. Bxc6+ bxc6 8.
dxe5 Bxf3 9. Qxf3 dxe5 10. Qg3 Qe7 11. O-O Rd8 12. Be3 Qe6 13. Qf3 Qg4 14. Rfd1
Rxd1+ 15. Qxd1 Qxd1+ 16. Rxd1 Bd6 17. f3 Ke7 18. Na4 Nd7 19. c4 c5 20. b4 Nb6
21. Rxd6 Nxa4 22. Rxa6 Nb2 23. Bxc5+ Kd7 24. b5 Nxc4 25. Ra7 Rb8 26. a4 Nb6 27.
Kf2 Nc8 28. Ke3 Nxa7 29. Bxa7 Ra8 30. b6 cxb6 31. Bxb6 Rxa4 32. Kf2 Kc6 33. Bd8
Ra2+ 34. Kg3 Rd2 35. Be7 f6 36. Bf8 Rd7 37. Kg4 g6 38. Bh6 Rf7 39. f4 Kc5 40.
h4 Kd4 41. Kf3 exf4 42. Bxf4 Re7 43. Bh6 Rxe4 44. Bg7 Re6 45. g4 Kd5 46. Bh8
Ra6 47. Bg7 Ke6 48. Bh6 Ra5 49. Bf4 h5 50. gxh5 Rxh5 51. Bg3 Kf5 52. Bf2 Rh8
53. Bg3 Ra8 54. Bf2 Ra3+ 55. Be3 Rxe3+ 56. Kxe3 Kg4 57. h5 Kxh5 58. Kf4 Kh4 59.
Kf3 Kg5 60. Kg3 Kf5 61. Kf3 g5 62. Ke3 g4 63. Ke2 Kf4 64. Kf2 f5 65. Ke2 Kg3
66. Ke3 f4+ 67. Ke2 Kg2 0-1

[Event "SVM_Verbandsliga_Süd_2023-24"]
[Site "?"]
[Date "2023.12.10"]
[Round "4.4"]
[White "Kart, Boris"]
[Black "Dirschke, Philipp"]
[Result "1-0"]
[WhiteElo "1799"]
[BlackElo "1851"]
[PlyCount "87"]
[EventDate "2023.12.10"]
[WhiteTeam "Brühler SK 2"]
[BlackTeam "SF Lohmar 1"]

1. e4 c6 2. d4 d5 3. e5 Bf5 4. Bd3 Bxd3 5. Qxd3 Qa5+ 6. c3 Qa6 7. Qf3 e6 8. Ne2
c5 9. O-O Nc6 10. Be3 Nge7 11. Nd2 Nf5 12. Ng3 cxd4 13. Nxf5 Nxe5 14. Qg3 dxe3
15. Nxg7+ Bxg7 16. Qxg7 O-O-O 17. fxe3 Qd6 18. Nf3 Nc4 19. Qd4 Kb8 20. b3 e5
21. Qd3 e4 22. Qd4 exf3 23. bxc4 fxg2 24. Rf2 dxc4 25. Rxf7 Qc6 26. Qe5+ Ka8
27. Rb1 Rhf8 28. Qe7 Rfe8 29. Qxb7+ Qxb7 30. Rbxb7 Rd1+ 31. Kxg2 Rd2+ 32. Kf3
Rxa2 33. Rxh7 Rf8+ 34. Ke4 Re8+ 35. Kd4 Ra3 36. e4 a5 37. e5 Ra1 38. Rb5 Rc8
39. Rc5 Rg8 40. e6 Rg4+ 41. Kd5 Rd1+ 42. Kc6 Ra1 43. Rd5 Kb8 44. Rd8# 1-0

[Event "SVM_Verbandsliga_Süd_2023-24"]
[Site "?"]
[Date "2023.12.10"]
[Round "4.5"]
[White "Weber, Olaf"]
[Black "Löffler, Friedrich"]
[Result "1/2-1/2"]
[WhiteElo "1837"]
[BlackElo "1848"]
[PlyCount "104"]
[EventDate "2023.12.10"]
[WhiteTeam "SF Lohmar 1"]
[BlackTeam "Brühler SK 2"]

1. Nf3 d5 2. c4 c6 3. g3 Nf6 4. Bg2 g6 5. cxd5 cxd5 6. d4 Bg7 7. O-O O-O 8. Nc3
Nc6 9. Ne5 e6 10. Nxc6 bxc6 11. Bf4 Bb7 12. Rc1 Nh5 13. Be3 f5 14. f4 Nf6 15.
Bd2 Ne4 16. Nxe4 fxe4 17. e3 Ba6 18. Rf2 Qb6 19. Qa4 Bb5 20. Qb4 Rfe8 21. a4
Bf8 22. Qb3 Bc4 23. Qc2 Rab8 24. Bc3 Bb3 25. Qd2 Bxa4 26. Bf1 Bb4 27. Ra1 Bxc3
28. Qxc3 Bb5 29. Bxb5 cxb5 30. Rc2 Rb7 31. Qc6 Qxc6 32. Rxc6 Ree7 33. Raa6 Kf7
34. Kf1 Rbc7 35. Ke1 Rxc6 36. Rxc6 Ke8 37. Kd2 Kd7 38. Ra6 Kc8 39. Kc3 Kb7 40.
Rd6 a5 41. Rd8 Rc7+ 42. Kb3 Kc6 43. Re8 Kd6 44. Rh8 a4+ 45. Ka3 Rc2 46. Rxh7
b4+ 47. Kxb4 Rxb2+ 48. Kxa4 Re2 49. Rh6 Rxe3 50. Rxg6 Rd3 51. f5 Rxd4+ 52. Kb3
Ke5 {(=)} 1/2-1/2

[Event "SVM_Verbandsliga_Süd_2023-24"]
[Site "?"]
[Date "2023.12.10"]
[Round "4.6"]
[White "Tokmak, Tugay"]
[Black "Rokitta, Uwe"]
[Result "1/2-1/2"]
[WhiteElo "1784"]
[BlackElo "1708"]
[PlyCount "88"]
[EventDate "2023.12.10"]
[WhiteTeam "Brühler SK 2"]
[BlackTeam "SF Lohmar 1"]

1. Nf3 Nf6 2. g3 d5 3. Bg2 Nc6 4. d4 Bf5 5. c4 e6 6. cxd5 exd5 7. a3 Be7 8. Ne5
Nxe5 9. dxe5 Ng4 10. Qb3 c6 11. Qxb7 O-O 12. O-O Nxe5 13. Nd2 Bc5 14. e4 Rb8
15. Qa6 Bc8 16. Qe2 Bg4 17. Qa6 Rb6 18. Qa4 Be2 19. Re1 Ba6 20. Nf3 Nd3 21. Be3
Bxe3 22. Rxe3 Nxb2 23. Qc2 Nc4 24. Rc3 Rb2 25. Qc1 Qb6 26. Rc2 dxe4 27. Nd2
Rxc2 28. Qxc2 Nxd2 29. Qxd2 {(=)} Bd3 30. Qb4 Qxb4 31. axb4 a6 32. Rc1 Rc8 33.
Bh3 Rc7 34. Rc5 g6 35. Bf1 Rb7 36. Rxc6 Rxb4 37. Rc1 Rd4 38. Ra1 Rd6 39. g4 Kg7
40. Ra5 Kf6 41. g5+ Ke6 42. Bh3+ f5 43. Kg2 Rc6 44. Kg3 Rc3 {(=)} 1/2-1/2

[Event "SVM_Verbandsliga_Süd_2023-24"]
[Site "?"]
[Date "2023.12.10"]
[Round "4.7"]
[White "Fischer, Birk Liam"]
[Black "Hölzenbein, Alfons"]
[Result "1-0"]
[WhiteElo "1656"]
[BlackElo "1558"]
[PlyCount "51"]
[EventDate "2023.12.10"]
[WhiteTeam "SF Lohmar 1"]
[BlackTeam "Brühler SK 2"]

1. e4 c5 2. Nc3 Nc6 3. f4 e6 4. Bc4 a6 5. a4 g6 6. Nf3 Bg7 7. O-O Nge7 8. Qe1
O-O 9. f5 exf5 10. Qh4 h5 11. d3 d6 12. Ng5 Ne5 13. Ba2 Qe8 14. h3 Bd7 15. Nd5
Nxd5 16. Bxd5 Rb8 17. exf5 Bxf5 18. Rxf5 Kh8 19. Bf4 f6 20. Ne6 gxf5 21. Nxf8
Bxf8 22. Qxf6+ Bg7 23. Qxf5 Nd7 24. Bf7 Bd4+ 25. Kh1 Qe2 26. Qg6 1-0